000 00483nam a2200145Ia 4500
008 230917s9999||||xx |||||||||||||| ||und||
040 _e66034
_aMAIN
041 _aEnglish
082 _a330.9 I8E
100 _aBliss, Christopher, ed
245 0 _aEconomic growth and resources, v3- natural resources; proceedings the 5th world congresses of the international economic association held in Tokyo, Japan
260 _aLondon
_bMacmillan
_c1980
300 _axv, 210 p.
942 _cBK
999 _c216099
_d216099